paroles - tiakola - plaisir nocif - Statistiques

Statistiques générales
  • Ce quiz a été pris 284 fois
  • Le résultat moyen est 292 sur 498
Statistiques - réponses
hint Réponse % Correct
de
93%
refrain Quand
92%
Paname
90%
je
89%
tu
87%
Tu
87%
parle
86%
pas
86%
me
85%
ma
83%
Ma
83%
en
82%
En
82%
j'te
82%
du
81%
no
81%
se
78%
à
77%
a
77%
Moi
77%
moi
77%
place
77%
bercy
74%
mon
74%
passé
74%
remplir
73%
On
72%
on
72%
j'ai
71%
J'ai
71%
j'suis
71%
J'suis
71%
pour
71%
et
69%
Et
69%
envies
68%
la
68%
manger
68%
prénom
65%
venu
65%
des
64%
sans
64%
Sans
64%
danger
63%
le
62%
sors
62%
m'parles
61%
nocif
61%
peur
61%
plaisir
61%
prend
61%
tous
61%
vérité
61%
verité
61%
mat'
60%
d'âme
59%
debout
59%
dis
59%
état
59%
pe-sa
59%
plus
59%
six
59%
venger
59%
peut
57%
tech'
57%
Tech
57%
un
55%
que
54%
sur
54%
Sur
54%
Nike
52%
t'es
52%
l'OPJ
51%
Nan
50%
Nan,
50%
notes
50%
Qui
50%
qui
50%
classe
49%
les
49%
m'as
49%
notif'
49%
ou
49%
avec
48%
Avec
48%
plusieurs
48%
dans
47%
veut
47%
adidas
46%
chérie
46%
d'mes
46%
phone
46%
toi
46%
dénonces
44%
d'la
43%
niquée
43%
fraîche
42%
pitié
42%
police
42%
contrôle
41%
joue
41%
motiver
41%
placer
41%
vert
41%
demande
40%
doué
40%
elle
40%
Elle
40%
forcer
40%
merco
40%
saoulé
40%
skinny
40%
vivait
40%
y
40%
Y
40%
coeur
39%
donc
39%
doucement
39%
identité
39%
jouer
39%
ton
39%
t'questionne
39%
connais
38%
j'étais
38%
son
38%
toutes
38%
cap
37%
donné
37%
dossier
37%
technique
37%
t'sens
37%
délire
36%
l'plus
36%
repars
36%
détente
35%
j'peux
35%
même
35%
pattes
35%
vrais
35%
dix
34%
focus
34%
l'attache
34%
lions
34%
okay
34%
vernis
34%
attaque
33%
aussi
33%
gamos
33%
sais
33%
chef
32%
faire
32%
haine
32%
ils
32%
négocier
32%
Numéro
32%
passes
32%
acheter
31%
captes
31%
gère
31%
j'fais
31%
ont
31%
classes
30%
l'violet
30%
qu'le
29%
Tellement
29%
vache
29%
vermines
29%
Boss
28%
éteint
28%
fait
28%
produit
28%
trimé
28%
allume
27%
Eux
27%
fond
27%
là-bas
27%
resté
27%
bien
26%
bosser
26%
folle
26%
habile
26%
jalouser
26%
vois
26%
voit
26%
caresse
25%
j'les
25%
bête
24%
dossiers
24%
précis
24%
sois
24%
T'arrives
24%
tess'
24%
s'pé-ta
22%
Venir
22%
d'l'atlas
21%
c'était
20%
perturbait
19%
sont
19%
tasse
19%
fou
18%
toujours
18%
buvette
17%
d'voir
17%
label
17%
prêt
17%
mala
16%
fesh
15%
yeah
6%
l'lové
4%
Aucun quiz correspondant
Distribution des résultats
% des personnes avec chaque résultat
Percentile par nombre de réponses
Votre historique - résultats
Vous n’avez pas pris ce quiz